[Event "Najdorf Memorial 12th"]
[Site "Buenos Aires"]
[Date "2001.09.07"]
[Round "4"]
[White "Karpov, Anatoly"]
[Black "Mecking, Henrique"]
[Result "1-0"]
[WhiteElo "2692"]
[BlackElo "2552"]
[Annotator "Huebner,R"]
[PlyCount "79"]
[EventDate "2001.09.04"]
[EventType "tourn"]
[EventRounds "9"]
[EventCountry "ARG"]
[EventCategory "14"]
[SourceTitle "CBM 085"]
[Source "ChessBase"]
[SourceDate "2001.11.13"]
[SourceVersion "1"]
[SourceVersionDate "2001.11.13"]
[SourceQuality "1"]

1. d4 d5 2. c4 c6 3. Nf3 Nf6 4. e3 a6 {Wenn Weiß noch nicht Sb1-c3 gespielt
hat, scheint mir dieser Zug nicht so plausiblel zu sein. Schwarz darf nicht
ohne weiteres b7-b5 spielen, weil dies das Feld c5 schwächt; Weiß kann mit
Sb1-d2-b3 fortfahren. Verderblich ist der Zug für den Schwarzen natürlich
nicht.} 5. Qc2 e6 (5... g6 6. Bd3 Bg7 {ist natürlich auch spielbar.}) 6. Nbd2
Nbd7 7. b3 Be7 8. Bd3 c5 {Die frühzeitige Öffnung der Stellung gefällt mir
nicht; ich hätte sie gerne mit} (8... b6 {nebst Lc8-b7 usw. vorbereitet.} 9. e4
dxe4 10. Nxe4 Bb7 {sieht nicht sonderlich gefährlich für Schwarz aus, obwohl
die Einschaltung von a7-a6 mich mit Unbehagen erfüllt.}) 9. Bb2 O-O 10. cxd5
exd5 11. O-O h6 $6 {Dies erscheint mir überflüssig. Zudem schwächt es den
Königsflügel. In vielen Fällen ist der Zug g7-g6 trotz der Schwächung der
Diagonale b2-h8 zur Deckung von h7 und f5 wünschenswert; diese Fortsetzung ist
nun beinahe stets ausgeschlossen.} (11... b6 {ist geboten; nun führt die
Fortsetzung} 12. e4 dxe4 13. Nxe4 Bb7 14. dxc5 Bxe4 15. Bxe4 Nxe4 16. Qxe4 Nxc5
17. Qg4 Bf6 (17... f6 18. Rfe1 {sieht ungesund für Schwarz aus.}) 18. Rad1 Qe7
19. Rfe1 Ne6 {zu einer Stellung, die Schwarz bei genauer Verteidigung sollte
halten können.}) 12. Rad1 {Weiß möchte die Stellung öffnen, weil er besser
entwickelt ist.} ({Die ruhige Fortsetzung} 12. dxc5 Bxc5 (12... Nxc5 {
scheitert an} 13. Bxf6) 13. Rac1 {überläßt dem Weißen einen dauerhaften
positionellen Vorteil.}) 12... b6 13. e4 Bb7 14. dxc5 $6 (14. e5 Ne8 15. Bf5 {
kommt meines Erachtens mehr in Betracht; nach} Nc7 {ist die Folge} 16. dxc5
bxc5 17. Nc4 {unangenehm für Schwarz.} (17. Ne4 {verdient ebenfalls Erwägung.})
) 14... Nxc5 (14... bxc5 15. exd5 {ist positionell unbefriedigend für Schwarz.}
) (14... Rc8 {verdient dagegen Untersuchzung.}) 15. e5 Nfe4 16. Qb1 Nxd3 17.
Qxd3 Rc8 18. Nd4 Qd7 $6 ({Nach} 18... Bb4 19. Nxe4 (19. N2f3 Re8 {gibt dem
Weißen keinen Vorteil.}) 19... dxe4 20. Qg3 Qg5 {hat Schwarz meines Erachtens
keine Probleme.}) 19. Nxe4 dxe4 20. Qg3 Bc5 21. b4 Bxd4 ({Die Folge} 21... Bxb4
22. Nc2 Qe7 (22... Bd2 {scheitert an} 23. e6) 23. Nxb4 Qxb4 24. Ba3 {ist
ungünstig für Schwarz.}) 22. Rxd4 {Die Stellung ist nur scheinbar ausgelichen.
Weiß hat beträchtlichen Vorteil, weil er Druck auf g7 hat und weil der Bauer
auf b6 schwach ist; stünde der a-Bauer des Schwarzen auf a7, hätte er wohl
keine großen Probleme (aber dies soll nichts zur Bewertung des Zuges 4...a6!
aussagen!).} Qe7 23. Rd6 Rc6 24. h4 $6 {Weiß will das Manöver 24...Td6: 25.ed6:
Dg5 verhindern und gleichzeitig ein Luftloch für seinen König schaffen, aber} (
24. Bd4 {war wirksamer.}) 24... e3 $5 25. Bd4 ({Nach} 25. fxe3 Rc2 26. Rf2 Rxf2
27. Qxf2 b5 {hat Schwarz Entlastung erreicht.}) 25... e2 $2 (25... exf2+ 26.
Rxf2 Re8 {gewährte Schwarz gute Überlebensaussichten:} 27. Rdf6 (27. e6 {
wird einfach mit} fxe6 {abgewehrt.}) 27... Rxf6 ({Unklar ist die Folge} 27...
Re6 28. Rxf7 Qxf7 29. Rxf7 Kxf7 30. Bxb6 Bd5 31. Bc7) 28. exf6 Qe1+ 29. Kh2 g6
{usw.}) 26. Re1 g6 27. Bxb6 $18 Rxd6 28. exd6 Qe6 29. f3 Bc6 30. Qf4 Kh7 31.
Kf2 (31. Be3 {war noch einfacher.}) 31... Bb5 32. Be3 Kg8 33. Qxh6 Qe5 34. a4
Bc4 35. Qg5 Qxg5 36. hxg5 f5 37. Bb6 Rf7 38. Rc1 Bb3 39. Rc8+ Kh7 40. Bd4 1-0

[Event "FIDE World Cup"]
[Site "Khanty-Mansiysk"]
[Date "2005.11.27"]
[Round "1.1"]
[White "Onischuk, Alexander"]
[Black "Popov, Valerij"]
[Result "1-0"]
[WhiteElo "2640"]
[BlackElo "2588"]
[Annotator "Huebner,R"]
[PlyCount "79"]
[EventDate "2005.11.27"]
[EventType "k.o."]
[EventRounds "7"]
[EventCountry "RUS"]
[SourceTitle "CBM 111"]
[Source "ChessBase"]
[SourceDate "2006.04.04"]
[SourceVersion "1"]
[SourceVersionDate "2006.04.04"]
[SourceQuality "1"]

1. d4 d5 2. c4 c6 3. Nf3 Nf6 4. e3 a6 5. Bd3 Bg4 6. O-O e6 7. Nbd2 Nbd7 8. b3
Bh5 9. Qc2 Bd6 10. Bb2 Qb8 11. h3 Bg6 12. e4 {Wenn Weiß der Meinung ist, daß
es für ihn günstiger ist, wenn die Bauernstruktur des Schwarzen am
Königsflügel f7, g7, g6 lautet, als wenn sie aus f7, g7, h7 besteht, kann er
hier sofort auf g6 tauschen, bevor er e4 spielt. Wahrscheinlich ist der
Unterschied gering; ich würde mit Weiß vorziehen, auf g6 zu tauschen.} dxe4 13.
Nxe4 Nxe4 14. Bxe4 O-O {In einigen Partien vermied Schwarz es nun, sich den
Läufer auf g6 abtauschen zu lassen:} (14... Bxe4 15. Qxe4 O-O 16. Rad1 (16.
Rfe1 Nf6 17. Qc2 Be7 18. Re3 Qc7 19. Rae1 Rad8 $11 {1/2-1/2 Goldin,A-Huzman,A/
Ashdod 2003/CBM 096 ext (34). (33)}) 16... Re8 17. d5 cxd5 18. cxd5 e5 19. Nh4
g6 20. Qg4 Nf6 21. Qg5 Ne4 22. Qg4 Nf6 23. Qg5 Ne4 {1/2-1/2 Votava,J-Savchenko,
S/Germany 2005/CBM 106 (23).}) 15. Bxg6 (15. Rad1 a5 16. a4 Qc7 17. Rfe1 Rfd8
18. Bc3 Be7 19. Bxg6 hxg6 20. Nd2 b6 21. Re2 Nf6 22. Nf3 Bd6 23. Qb2 $14 {
1-0 Malaniuk,V-Berry,N/Krakow 2003/EXT 2006 (43). (42)}) 15... hxg6 16. Rad1
Nf6 17. Rfe1 Qc7 18. Bc3 Rfd8 19. a4 b5 20. Qd2 Bf4 21. Qe2 bxa4 22. bxa4 c5
23. g3 cxd4 24. Rxd4 Rxd4 $6 (24... Bd6 $11 {führt meines Erachtens zu
Ausgleich. Jetzt dringt der c-Bauer des Weißen vor.}) 25. Bxd4 Bd6 26. c5 Bf8
27. Qc4 (27. Rb1 Qc6 28. a5 Qc7 29. Rb6 Bxc5 $11) 27... Nd5 28. Ne5 $6 {
Weiß sollte dem Schwarzen nicht die Kontrolle über die b-Linie gestatten.
Bessere Gewinnaussichten bot} (28. Rb1) 28... Rb8 29. Qxa6 Bxc5 30. Rc1 (30.
Bxc5 Qxc5 31. Nd7 Qb4 {führt zu nichts.}) 30... Qd6 31. Qxd6 Bxd6 32. a5 Ra8
33. Nc4 Bb4 34. Rb1 f6 $2 {Wenn Schwarz die Drohung 35.Sb6 mit} (34... Ra6 {
abwehrt, ist es für Weiß keineswegs einfach, Fortschritte zu machen:} 35. Bb6
g5 36. Kg2 f6 {usw. Jetzt gewinnt Weiß ohne Schwierigkeiten.}) 35. Nb6 Nxb6 36.
axb6 Bd6 37. b7 Re8 38. Rc1 Bb8 39. Rc8 Kf7 40. Bb6 1-0

[Event "ARM-ch"]
[Site "Yerevan"]
[Date "2005.05.02"]
[Round "4"]
[White "Yegiazarian, Arsen"]
[Black "Galstian, Beniamin"]
[Result "1-0"]
[WhiteElo "2534"]
[BlackElo "2448"]
[Annotator "Huebner,R"]
[PlyCount "73"]
[EventDate "2005.04.29"]
[EventType "tourn"]
[EventRounds "11"]
[EventCountry "ARM"]
[EventCategory "11"]
[SourceTitle "CBM 107"]
[Source "ChessBase"]
[SourceDate "2005.08.01"]
[SourceVersion "1"]
[SourceVersionDate "2005.08.01"]
[SourceQuality "1"]

1. d4 Nf6 2. Nf3 c6 3. c4 d5 4. Qc2 g6 5. Bf4 Na6 6. e3 Bf5 7. Qb3 Qb6 8. Nc3
Nh5 (8... Nb4 9. c5 Nd3+ 10. Bxd3 Qxb3 11. axb3 Bxd3 12. Kd2 Bf5 13. b4 Bg7 $6
(13... Ne4+ $11) 14. b5 Ne4+ 15. Nxe4 dxe4 16. bxc6 $14 {1-0 Tjanav,T-Akhundov,
R/Voroshilovgrad 1989/EXT 97 (60). (60)}) 9. cxd5 Nxf4 10. Qxb6 axb6 11. exf4
Nb4 12. dxc6 Nc2+ $2 (12... bxc6 13. Rd1 Bg7 {führt zu einer etwa
ausgeglichenen Stellung.}) 13. Kd2 Nxa1 14. cxb7 Rb8 15. Bb5+ Bd7 16. Bxd7+
Kxd7 17. Ne5+ Kc7 ({Die Fortsetzung} 17... Ke8 18. Nd5 Bg7 19. Rc1 Bxe5 20.
fxe5 Kf8 21. Rc7 {ist ebenfalls völlig hoffnungslos für Schwarz.}) 18. Nxf7 Rg8
$6 ({Immerhin sollte Schwarz} 18... Nb3+ {versuchen.}) 19. Rxa1 $18 Bg7 20. Ng5
Kd7 21. Kd3 h6 22. Nf3 Rgf8 23. g3 Rxb7 24. h4 Rf5 25. Re1 e6 26. a4 Rc7 27.
Nb5 Rc8 28. Na3 Ke7 29. Nc4 b5 30. Ne3 Rff8 31. axb5 Rfd8 32. Nc4 Rc5 33. Nfe5
Bxe5 34. Nxe5 Kf6 35. Ra1 Rc7 36. b6 Rb7 37. Ra7 1-0

[Event "GER-ch 76th"]
[Site "Altenkirchen"]
[Date "2005.02.25"]
[Round "8"]
[White "Khenkin, Igor"]
[Black "Braun, Arik"]
[Result "1-0"]
[WhiteElo "2604"]
[BlackElo "2463"]
[Annotator "Huebner,R"]
[PlyCount "73"]
[EventDate "2005.02.18"]
[EventType "swiss"]
[EventRounds "9"]
[EventCountry "GER"]
[SourceTitle "CBM 106"]
[Source "ChessBase"]
[SourceDate "2005.06.06"]
[SourceVersion "1"]
[SourceVersionDate "2005.06.06"]
[SourceQuality "1"]

1. c4 c6 2. d4 d5 3. e3 Nf6 4. Bd3 a6 5. Nf3 Bg4 6. Qb3 Bxf3 7. gxf3 Ra7 8. Nc3
e6 9. c5 Nbd7 10. f4 {Dies ist ein plausibler Zug: Weiß unterbindet e6-e5.
Eine Vorgängerpartie verlief wie folgt:} (10. Bd2 e5 11. Qc2 g6 12. f4 ({Still,
} 12. O-O-O {would be preferrable as White is not obliged to play f3-f4 in
some variations:} b6 (12... Bh6 $6 {(hoping after 13.f4 to transpose to the
position we had in the game)} 13. dxe5 Nxe5 14. Be2 O-O 15. Na4 Bg7 16. Bc3 Qe7
17. h4 $16 {and the difference between this position and the one that happened
in the game is obvious here}) (12... Bg7 13. f4) 13. cxb6 Qxb6 14. Kb1 {
and White is slightly better}) 12... exd4 13. exd4 Bh6 ({I was only counting on
} 13... Bg7 14. O-O-O O-O 15. f5 b6 16. cxb6 Qxb6 17. Na4 Qc7 18. Kb1 Nh5 19.
Be3 {with some advantage for White}) 14. O-O-O O-O 15. f5 Bxd2+ 16. Qxd2 Nh5 (
16... b6 {was the other option although it involved more risk:} 17. cxb6 Qxb6
18. Qh6 Rb8 19. Rd2 c5 20. Rg1 Nf8 {with the unclear position} (20... cxd4 21.
fxg6 fxg6 22. Bxg6 hxg6 23. Rxg6+ Kf7 24. Rg7+ Ke6 25. Re2+ Ne5 (25... Kd6 26.
Qf4+ Kc5 27. Na4+) 26. f4 {winning})) 17. Rhg1 ({or} 17. h4 Qf6 18. Ne2 Raa8
19. Rdg1 Kh8 {and it`s also doubtful whether White can reach anything on the
Kingside}) 17... Qh4 (17... Qf6 {defending the g6-pawn was better:} 18. Rg4 Ng7
19. Rdg1 Nxf5 20. Rf4 Kh8 21. Bxf5 gxf5 22. Qd3 Rg8 23. Rxg8+ Kxg8 24. Rxf5
Qh6+ 25. Kc2 Ra8 $1 {Finally bringing the rook into play Black manages to hold
the balance.}) 18. Kb1 $13 {1-0 Milov,V-Luther,T/Merida 2003/CBM 097 ext/
[Milov,V] (29). (28)}) 10... Nh5 (10... b6 11. cxb6 Qxb6 {kommt in Betracht.})
(10... g6 {sollte ebenfalls spielbar sein.}) 11. Be2 (11. Bd2 Qh4 12. Ne2 {
nebst Se2-g3 mag dem Weißen eine leichte Initiative geben.}) 11... g6 ({
Ich dachte,} 11... Qh4 $5 {sei die Idee.}) 12. Bxh5 gxh5 13. Qd1 Qh4 14. h3 Rg8
15. Bd2 f5 16. Qf3 b6 17. cxb6 (17. b4 a5 18. b5 (18. cxb6 Nxb6 {überläßt dem
Springer des Schwarzen das schöne Feld c4.}) 18... Rc7 {braucht Schwarz nicht
zu fürchten.}) 17... Nxb6 18. Rc1 Kd7 19. Ne2 a5 $11 20. Rg1 Rg6 21. Rxg6 hxg6
22. Qg2 ({Die Fortsetzung} 22. Rc2 Nc4 23. Nc1 g5 24. fxg5 Qxg5 25. Nd3 Bd6 {
führt zu etwa gleichem Spiel.}) 22... Qf6 $6 {Die Deckung des Bauern auf g6
ist überflüssig; Schwarz sollte seine Dame nicht von ihrem aktiven Standort
entfernen. Nach} (22... Nc4 23. b3 (23. Rc2 Bb4 24. Nc3 (24. Bxb4 {scheitert an
} Nxe3) 24... a4 {überläßt dem Schwarzen eine völlig befriedigende Stellung.})
23... Nxd2 24. Kxd2 a4 {ist die Stellung ausgeglichen.}) 23. Rc2 Nc4 24. Nc1 a4
$2 {Danach werden die schwarzfeldrigen Schwächen dem Schwarzen zum Verhängnis.
Zu versuchen war} (24... Bb4 25. Bxb4 axb4 26. b3 Na3 27. Rc5 Nb5 28. Nd3 Rxa2
29. Nxb4 Ra1+ 30. Kd2 Nxd4 (30... Na7 31. Nd3 {sieht übel für Schwarz aus.})
31. exd4 Qxd4+ 32. Nd3 Rb1 33. Kc2 Rb2+ 34. Nxb2 Qxc5+ 35. Kb1 Qb4 {, und die
technische Aufgabe des Weißen ist äußerst schwierig.}) 25. Nd3 Bd6 26. Bb4
Bxb4+ (26... a3 27. b3 Nb2 28. Ne5+ Bxe5 29. fxe5 {führt auch zu nichts Gutem
für Schwarz.}) 27. Nxb4 {Jetzt gibt es keine zureichende Verteidigung gegen
die Drohungen 28.Sc6: und 28.Tc4:.} Rc7 (27... Na5 28. Nd3 Kd6 29. Ne5 Rg7 30.
Qf1 {ist ebenso hoffnungslos wie}) (27... Qf8 28. a3) 28. Na6 $18 Ra7 29. Nb8+
Kc8 (29... Kc7 30. Nxc6 Kxc6 31. Rxc4+ Kd7 32. Rb4 {führt ebenfalls zu einer
für Schwarz hoffnungslosen Stellung.}) 30. Nxc6 Rc7 31. Ne5 Nxe5 32. Rxc7+ Kxc7
33. fxe5 Qe7 34. Qxg6 Qb4+ 35. Kf1 Qxb2 36. Qf7+ Kd8 37. Qf8+ 1-0

[Event "EU-chT (Men) 12th"]
[Site "Batumi"]
[Date "1999.12.07"]
[Round "9.1"]
[White "Weiss, Christian"]
[Black "Mitkov, Nikola"]
[Result "0-1"]
[WhiteElo "2444"]
[BlackElo "2509"]
[Annotator "Huebner,R"]
[PlyCount "38"]
[EventDate "1999.11.06"]
[EventType "team-swiss"]
[EventRounds "9"]
[EventCountry "GEO"]
[SourceTitle "CBM 074"]
[Source "ChessBase"]
[SourceDate "2000.02.01"]
[SourceVersion "1"]
[SourceVersionDate "2000.02.01"]
[SourceQuality "1"]
[WhiteTeam "Austria"]
[BlackTeam "Macedonia"]
[WhiteTeamCountry "AUT"]
[BlackTeamCountry "MKD"]

1. d4 Nf6 2. Nf3 d5 3. g3 Bf5 4. Bg2 e6 5. O-O Be7 6. c4 O-O 7. Nc3 c6 8. Ne5
Nbd7 9. Nxd7 Qxd7 10. Qb3 Rac8 {Dies ist eine listige Falle.} 11. Rd1 $2 dxc4
$19 12. Qa4 (12. Qxc4 Bc2 13. Rd2 b5) 12... b5 13. Qa6 Nd5 14. e4 Nb4 15. Qa5
Bg4 16. f3 Nc2 17. Rb1 Bh5 18. d5 a6 19. Kh1 Qb7 0-1

[Event "Horgen-B"]
[Site "Horgen"]
[Date "1995.??.??"]
[Round "5"]
[White "Brunner, Lucas"]
[Black "Hodgson, Julian M"]
[Result "1/2-1/2"]
[WhiteElo "2530"]
[BlackElo "2590"]
[Annotator "Huebner,R"]
[PlyCount "145"]
[EventDate "1995.10.??"]
[EventType "tourn"]
[EventRounds "9"]
[EventCountry "SUI"]
[EventCategory "11"]
[SourceTitle "CBM 050"]
[Source "ChessBase"]
[SourceDate "1996.02.01"]
[SourceVersion "1"]
[SourceVersionDate "1996.02.01"]
[SourceQuality "1"]

1. d4 d5 2. c4 c6 3. Nf3 dxc4 4. e3 b5 5. a4 e6 6. b3 Bb4+ 7. Bd2 Bxd2+ 8. Qxd2
{Meist wurde hier 8.Sfd2: oder 8.Sbd2: gespielt. Nach dem Textzug kann Schwarz
die Aktivierung des Springers auf b1 erschweren.} cxb3 $6 {Dieser Zug überläßt
dem Anziehenden ohne weiteres einen bedeutenden Vorteil. Man erwartet} (8... a5
9. axb5 (9. Na3 $4 c3 $17) (9. bxc4 b4 $10) 9... cxb5 10. Na3 (10. bxc4 b4 11.
c5 (11. Bd3 $5 $10) 11... Nf6 12. Bb5+ Bd7 13. Qd3 O-O 14. Nbd2 Nd5 15. O-O
Bxb5 16. Qxb5 Nc3 $15 {Olafsson,H-Sokolov,I, Akureyri 1994, CBM 40.}) 10... Ba6
11. bxc4 b4 12. Nb5 Bxb5 13. cxb5 Nf6 $13) 9. axb5 Ne7 10. Qb4 O-O 11. Nbd2 Bb7
12. Qxb3 (12. Nxb3 $5 {Der Springer findet Betätigung auf c5 oder a5.}) 12...
Nd7 13. Be2 cxb5 (13... c5 $5) 14. Qxb5 Bc6 15. Qa5 Nb6 16. O-O $16 Ng6 {
Das Feld e5 muß gedeckt werden.} 17. Rfc1 Bd5 18. Rc5 (18. Bb5 $5 {mit der
Absicht , Lb5-c6 zu spielen, kommt in Betracht. Auf} Qd6 {folgt} 19. Qa3 {
; Damentausch ist günstig für Weiß. Schwarz kann aber nichts unternehmen, und
nach einigen Zügen kommt es doch zu einem derartigen Stellungstyp.}) 18... Re8
19. Rac1 Re7 20. Bd3 Bb7 21. Qa3 Rd7 22. Ba6 Bd5 23. h3 Rb8 24. Bb5 Re7 25. Bc6
Bxc6 26. Rxc6 Reb7 27. Ne4 Nd5 28. Nc5 (28. Nd6 $6 Rb1 29. Rxb1 $2 (29. g3
Rxc1+ 30. Rxc1 Qe7 $10) 29... Rxb1+ 30. Kh2 Nge7 31. Rc4 (31. Ra6 $2 Nb4) 31...
Rb4) (28. g3 $5) 28... Rb6 29. Na6 Rxc6 30. Rxc6 Rb1+ 31. Kh2 Rb6 32. Rc1 Nge7
$6 {Schwarz sollte das Feld e5 nicht freigeben.} (32... h6 $5) 33. Ne5 h6 34.
Nc5 Qa8 35. Ra1 a6 36. Nxa6 f6 37. Nd7 (37. Nd3 $16) 37... Rb7 38. Ndc5 $6 (38.
Nac5 Qxa3 39. Rxa3 Rc7 40. Ra8+ Kf7 41. Rf8+ Kg6 42. Rb8 Kf7 43. Rb7 $18 {
Wenn es dem Weißen gelingt, Damentausch zu erzwingen, ohne dabei andere
Nachteile einzuhandeln, erreicht er meines Erachtens eine Gewinnstellung.})
38... Rb6 39. e4 $6 (39. Nd7 {gefolgt von 40.Sac5 kam noch stets in Betracht.
Der Textzug lockert die Bauernstruktur im Zentrum unnötigerweise.}) 39... Nf4
40. Qe3 $2 {Hiernach wird es schwer sein, den Springer auf a6 wieder ins Spiel
zu bringen. Die Fortsetzung} (40. Nc7 Qd8 41. Qa8 Nc8 (41... Rb8 42. Qxb8 Qxb8
43. Ra8 Qxa8 44. Nxa8 Kf7 45. Nc7 $18) 42. Rc1 Kh7 (42... Qxc7 43. Nd3 Qd6 44.
Rxc8+ $18) 43. N5xe6 Nxe6 44. Nxe6 Rxe6 45. Rxc8 Qxd4 46. Rh8+ Kg6 {entbehrt
der Klarheit, aber}) (40. g3 Nfg6 (40... Ne2 41. Qe3 $16) 41. Nc7 Qc8 (41...
Qxa3 42. Rxa3 Kf7 43. f4 $18) 42. Qa8 Rb8 43. Qxb8 Qxb8 44. Ra8 Qxa8 45. Nxa8
Kf7 46. Nc7 Nf8 47. Kg2 {scheint mir zum Gewinn zu führen.}) 40... Nfg6 41. Qg3
e5 42. d5 f5 43. Rd1 (43. f3 $5) 43... Rd6 44. f3 Nf4 45. Rd2 $2 {Ich sehe
nicht, was gegen} (45. Nb4 {spricht. Mit dem Textzug dürfte Weiß den Gewinn
endgültig aus der Hand geben.}) 45... fxe4 46. fxe4 Rxa6 47. Nxa6 Qxa6 48. d6
Nc6 49. Qb3+ Kh7 50. Qf7 Qa5 51. Qf5+ Ng6 52. Rd3 Qd8 53. g3 Qg5 54. Qxg5 hxg5
55. Rc3 Nb8 56. Rc7 Nf8 57. Re7 Nbd7 58. Kg2 Kg6 59. Kf3 Kf6 60. Ke3 Nc5 61.
Re8 Nfd7 62. Kf3 Ne6 63. Kg4 Ndc5 64. Kf3 Nd4+ 65. Ke3 Nb5 66. Rc8 Nd7 67. Rd8
Ke6 68. Re8+ Kxd6 69. Rg8 Nd4 70. Rxg7 Ne6 71. Rf7 Nef8 72. Rg7 Ne6 73. Rf7
1/2-1/2

[Event "RUS-ch qual 57th"]
[Site "St Petersburg"]
[Date "2004.05.27"]
[Round "6"]
[White "Ionov, Sergey"]
[Black "Gleizerov, Evgeny"]
[Result "1-0"]
[WhiteElo "2538"]
[BlackElo "2592"]
[Annotator "Huebner,R"]
[PlyCount "39"]
[EventDate "2004.05.21"]
[EventType "swiss"]
[EventRounds "9"]
[EventCountry "RUS"]
[SourceTitle "CBM 102"]
[Source "ChessBase"]
[SourceDate "2004.09.23"]
[SourceVersion "1"]
[SourceVersionDate "2004.09.23"]
[SourceQuality "1"]

1. Nf3 d5 2. d4 c6 3. c4 dxc4 4. e3 Be6 5. Nbd2 b5 6. a4 Qa5 7. Be2 Nf6 8. O-O
Na6 9. e4 (9. Ne5 {ist vielleicht besser:} Rc8 10. e4 Nb4 11. Ra3 Qb6 12. axb5
cxb5 13. d5 Bd7 14. Ndf3 Nxe4 15. Be3 Qd6 16. Rxa7 Bf5 17. Bxc4 bxc4 18. Qa4+
Nc6 19. Nxc6 Nf6 20. Nxe7+ Bd7 21. Nxc8 {1-0 Kruppa,Y-Desbonnes,S/Paris 1999/
EXT 2000 (21).}) 9... Nb4 {Dies ist eine plausible Neuerung.} (9... Bg4 10. Ne5
Bxe2 11. Qxe2 Qb6 12. axb5 cxb5 13. Ndxc4 {führte in der Vorgängerpartie zu
einer raschen Niederlage des Schwarzen.} Qb7 14. Na5 Qb6 15. Be3 e6 16. Rfc1
Nb4 17. d5 Qb8 18. Nac6 Nxc6 19. Nxc6 Qb7 20. Rxa7 Rxa7 21. Nxa7 Nxe4 22. dxe6
Nd6 23. Bc5 Nc4 24. e7 {1-0 Neiman,E-Desbonnes,S/Paris 1999/EXT 2000 (24).})
10. Ng5 Bd7 11. e5 h6 ({Untersuchung verdient auch die Fortsetzung} 11... Nfd5
12. e6 Bxe6 13. Nxe6 fxe6 14. Nf3 {mit unklarer Lage.}) 12. Nxf7 Kxf7 13. exf6
exf6 14. Ne4 Bf5 $6 {Danach erhält Weiß einen gefährlichen Angriff. Andere
Möglichkeiten sind:} (14... Nd5 15. Bd2 Qc7 (15... Qb6 {ist schwächer:} 16.
axb5 cxb5 17. Bxc4 bxc4 18. Qh5+ {, und Weiß gewinnt.}) 16. Bf3 Be6 17. axb5
cxb5 18. Ra6 {überläßt dem Weißen die Initiative.}) (14... Be7 15. Bf4 Qd8 16.
axb5 cxb5 17. Nd6+ {gibt dem Weißen ebenfalls gutes Spiel.}) (14... Qc7 15. b3
Bf5 16. f3 (16. Ng3 {ist ungesund wegen der Antwort} Bc2) 16... cxb3 17. Qxb3+
Be6 18. Qb2 bxa4 {sieht am solidesten aus; die Figuren des Weißen entfalten
keine gefährliche Wirkung.}) 15. axb5 $1 Qxa1 16. Bxc4+ Kg6 {Dies ist das
beste. Nach} (16... Ke8 17. Qf3 g6 (17... Bg6 18. Nxf6+ Kd8 19. Ng8 {ist
hoffnungslos für Schwarz.}) 18. g4 {gewinnt der Angriff des Weißen
entscheidende Kraft.}) 17. Ng3 Bb1 $2 ({Richtig ist} 17... Qb1 18. Qh5+ Kh7 19.
Bxh6 g6 20. Qh4 Bxh6 21. Rxb1 Bxb1 22. Qxf6 cxb5 {Weiß dürfte nicht mehr als
unentschieden erreichen können.}) 18. Qg4+ Kh7 19. Bxh6 ({Ebenfalls zum Gewinn
führt:} 19. Ne4 Nd5 (19... Bxe4 20. Qxe4+ g6 21. Bf7 {mit leichtem Sieg.}) 20.
Qf5+ g6 21. Qd7+ Bg7 22. Bxh6 {und der Angriff des Weißen entscheidet.}) 19...
gxh6 (19... g6 20. Bf4 Nd5 21. Qh3+ Kg7 22. Qd7+ Ne7 23. Bd6 (23. Re1 Rh4 24.
Rxe7+ Kh8 25. Re1 Bf5 {ist weniger klar.}) 23... Qxb2 24. Bxe7 Bxe7 25. Qxe7+
Kh6 26. Qxf6 {wird Schwarz auch nicht lange überleben.}) 20. Nh5 1-0